Fínsko - 10 rokov v EÚ
Zhodnotenie a analýza situácie fínskeho poľnohospodárstva a jeho zahraničného obchodu počas 10-ročného pôsobenia v EÚ. Výrobné prostredie vo Fínsku. Ekonomická situácia v poľnohospodárstve. Organizačná štruktúra poľnohospodárstva. Fínsko sa stalo konkurencieschopným v poľnohospodárstve na zahraničný...
Guardado en:
| Autor principal: | |
|---|---|
| Formato: | Capítulo de libro |
| Lenguaje: | eslovaco |
| Materias: | |
| Etiquetas: |
Sin Etiquetas, Sea el primero en etiquetar este registro!
|
MARC
| LEADER | 00000naa$a2200000$$$4500 | ||
|---|---|---|---|
| 001 | 0056395 | ||
| 005 | 20221128094950.0 | ||
| 041 | 0 | |a slo | |
| 044 | |a SK | ||
| 245 | 1 | 0 | |a Fínsko - 10 rokov v EÚ |c Michaela Bátorová |
| 520 | |a Zhodnotenie a analýza situácie fínskeho poľnohospodárstva a jeho zahraničného obchodu počas 10-ročného pôsobenia v EÚ. Výrobné prostredie vo Fínsku. Ekonomická situácia v poľnohospodárstve. Organizačná štruktúra poľnohospodárstva. Fínsko sa stalo konkurencieschopným v poľnohospodárstve na zahraničných trhoch. | ||
| 610 | 2 | 0 | |a poľnohospodárstvo |
| 610 | 2 | 0 | |a obchod zahraničný |
| 610 | 2 | 0 | |a konkurencieschopnosť |
| 610 | 2 | 0 | |a Fínsko |
| 610 | 2 | 0 | |a Európska únia |
| 100 | 1 | |a Bátorová, Michaela | |